Jahrbuch der Psychoanalyse / Beiheft
| Tipo de documento: | Print Colección / Revista |
|---|---|
| Lenguaje: | Alemán |
| Publicado: |
Gießen
Psychosozial-Verlag
1973-
Bern Stuttgart [u.a.] Huber 1973-1980 Stuttgart- Bad Cannstatt Frommann-Holzboog früher |
| En: | Año: 1973 |
| Verificar disponibilidad: | HBZ Gateway |
| Servicio de pedido Subito: | Pedir ahora. |
| Volúmenes / Artículos: | Mostrar volumes / artículos. |
| Palabras clave: |
MARC
| LEADER | 00000cas a2200000 c 4500 | ||
|---|---|---|---|
| 001 | 129555509 | ||
| 003 | DE-627 | ||
| 005 | 20260207115048.0 | ||
| 007 | tu | ||
| 008 | 931114c19739999gw z| m| 0 |0ger c | ||
| 015 | |a 08,A17,0196 |2 dnb | ||
| 016 | 7 | |a 011300086 |2 DE-101 | |
| 016 | 7 | |a 220541-5 |2 DE-600 | |
| 022 | |a 0301-5688 | ||
| 035 | |a (DE-627)129555509 | ||
| 035 | |a (DE-576)015012417 | ||
| 035 | |a (DE-599)ZDB220541-5 | ||
| 035 | |a (OCoLC)634655625 | ||
| 040 | |a DE-627 |b ger |c DE-627 |e rakwb | ||
| 041 | |a ger | ||
| 044 | |c XA-DE | ||
| 082 | 0 | 4 | |a 150 |a 610 |q DE-101 |
| 082 | 0 | 4 | |a 610 |q DE-600 |
| 084 | |a CL 1000 |2 rvk |0 (DE-625)rvk/18938: | ||
| 084 | |a 77.14 |2 bkl | ||
| 222 | 0 | |a Jahrbuch der Psychoanalyse. Beiheft | |
| 245 | 0 | 0 | |a Jahrbuch der Psychoanalyse |p Beiheft |
| 246 | 1 | |i Abweichender Titel |a Jahrbuch der Psychoanalyse / Beiheft | |
| 247 | 1 | 0 | |a Beiträge zur Theorie und Praxis |f Zusatz früher |
| 264 | 3 | 1 | |a Gießen |b Psychosozial-Verlag |c 1973- |
| 264 | 1 | |a Bern |a Stuttgart [u.a.] |b Huber |c 1973-1980 | |
| 264 | 2 | 1 | |a Stuttgart- Bad Cannstatt |b Frommann-Holzboog |c früher |
| 300 | |c 21 cm | ||
| 336 | |a Text |b txt |2 rdacontent | ||
| 337 | |a ohne Hilfsmittel zu benutzen |b n |2 rdamedia | ||
| 338 | |a Band |b nc |2 rdacarrier | ||
| 362 | 0 | |a Nr. 1.1973- | |
| 363 | 0 | 1 | |a 1 |i 1973 |
| 591 | |a 101b!(15-12-16)101b!Läuft weiter(18-07-17) | ||
| 655 | 7 | |a Monografische Reihe |0 (DE-588)4179998-7 |0 (DE-627)104628669 |0 (DE-576)209995106 |2 gnd-content | |
| 689 | 0 | 0 | |d s |0 (DE-588)4047689-3 |0 (DE-627)106193880 |0 (DE-576)209074361 |a Psychoanalyse |2 gnd |
| 689 | 0 | |5 DE-101 | |
| 772 | 0 | 8 | |i Supplement zu |t Jahrbuch der Psychoanalyse |d Gießen : Psychosozial Verlag, 1960 |w (DE-627)129387630 |w (DE-600)184280-8 |w (DE-576)01477397X |x 0075-2363 |
| 889 | |w (DE-603)190388358 | ||
| 889 | |w (DE-627)1871436915 | ||
| 935 | |a mteo | ||
| 935 | |i sdedup20220728 | ||
| 936 | r | v | |a CL 1000 |b Zeitschriften |k Psychologie |k Zeitschriften |0 (DE-627)1273576632 |0 (DE-625)rvk/18938: |0 (DE-576)203576632 |
| 936 | b | k | |a 77.14 |j Psychoanalyse |0 (DE-627)106412302 |
| 936 | s | n | |a c200 |2 mzub |
| 936 | s | n | |a w200 |2 mzub |
| 951 | |a ST | ||
| ELC | |b 1 | ||
| LOK | |0 000 xxxxxcx a22 zn 4500 | ||
| LOK | |0 001 2113938332 | ||
| LOK | |0 003 DE-627 | ||
| LOK | |0 004 129555509 | ||
| LOK | |0 005 20001117000000 | ||
| LOK | |0 008 880923||||||||||||||||ger||||||| | ||
| LOK | |0 040 |a DE-21 |c DE-627 |d DE-21 | ||
| LOK | |0 852 |a DE-21 | ||
| LOK | |0 852 1 |9 00 | ||
| LOK | |0 866 |x NAK | ||
| LOK | |0 939 |a 1988-09-23 |b l01 | ||
| LOK | |0 000 xxxxxcx a22 zn 4500 | ||
| LOK | |0 001 2113938340 | ||
| LOK | |0 003 DE-627 | ||
| LOK | |0 004 129555509 | ||
| LOK | |0 005 20020426000000 | ||
| LOK | |0 008 020426||||||||||||||||ger||||||| | ||
| LOK | |0 040 |a DE-21-31 |c DE-627 |d DE-21-31 | ||
| LOK | |0 852 |a DE-21-31 | ||
| LOK | |0 852 1 |c Einzelsignatur |m p |9 00 | ||
| LOK | |0 938 |k p | ||
| LOK | |0 939 |a 2002-04-26 |b l01 | ||
| LOK | |0 000 xxxxxcx a22 zn 4500 | ||
| LOK | |0 001 2113938359 | ||
| LOK | |0 003 DE-627 | ||
| LOK | |0 004 129555509 | ||
| LOK | |0 005 20001110000000 | ||
| LOK | |0 008 970203||||||||||||||||ger||||||| | ||
| LOK | |0 040 |a DE-21-35 |c DE-627 |d DE-21-35 | ||
| LOK | |0 852 |a DE-21-35 | ||
| LOK | |0 852 1 |c Einzelsignatur |m p |9 00 | ||
| LOK | |0 938 |k p | ||
| LOK | |0 939 |a 1997-02-03 |b l01 | ||
| LOK | |0 000 xxxxxcx a22 zn 4500 | ||
| LOK | |0 001 2113938367 | ||
| LOK | |0 003 DE-627 | ||
| LOK | |0 004 129555509 | ||
| LOK | |0 005 20050302000000 | ||
| LOK | |0 008 030227||||||||||||||||ger||||||| | ||
| LOK | |0 040 |a DE-21-51 |c DE-627 |d DE-21-51 | ||
| LOK | |0 852 |a DE-21-51 | ||
| LOK | |0 852 1 |m p |9 00 | ||
| LOK | |0 935 |a gesa |a k051 | ||
| LOK | |0 938 |k p | ||
| LOK | |0 939 |a 2003-02-27 |b l01 | ||
| LOK | |0 000 xxxxxcx a22 zn 4500 | ||
| LOK | |0 001 2522137352 | ||
| LOK | |0 003 DE-627 | ||
| LOK | |0 004 129555509 | ||
| LOK | |0 005 20061204151832 | ||
| LOK | |0 008 061204||||||||||||||||ger||||||| | ||
| LOK | |0 040 |a DE-21-93 |c DE-627 |d DE-21-93 | ||
| LOK | |0 852 |a DE-21-93 | ||
| LOK | |0 852 1 |m p |9 00 | ||
| LOK | |0 935 |a i093 |a k093 |a kneu | ||
| LOK | |0 938 |k p | ||
| LOK | |0 939 |a 2006-12-04 |b l01 | ||
| LOK | |0 000 xxxxxcx a22 zn 4500 | ||
| LOK | |0 001 2594916048 | ||
| LOK | |0 003 DE-627 | ||
| LOK | |0 004 129555509 | ||
| LOK | |0 005 20090312084735 | ||
| LOK | |0 008 090312||||||||||||||||ger||||||| | ||
| LOK | |0 040 |a DE-21-1 |c DE-627 |d DE-21-1 | ||
| LOK | |0 852 |a DE-21-1 | ||
| LOK | |0 852 1 |m p |9 00 | ||
| LOK | |0 935 |a k001 |a i001 | ||
| LOK | |0 938 |k p | ||
| LOK | |0 939 |a 2009-03-12 |b l01 | ||
| LOK | |0 000 xxxxxcx a22 zn 4500 | ||
| LOK | |0 001 2675785423 | ||
| LOK | |0 003 DE-627 | ||
| LOK | |0 004 129555509 | ||
| LOK | |0 005 20110505150124 | ||
| LOK | |0 008 110505||||||||||||||||ger||||||| | ||
| LOK | |0 040 |a DE-21-43 |c DE-627 |d DE-21-43 | ||
| LOK | |0 852 |a DE-21-43 | ||
| LOK | |0 852 1 |m p |9 00 | ||
| LOK | |0 935 |a k043 | ||
| LOK | |0 938 |k p | ||
| LOK | |0 939 |a 2011-05-05 |b l01 | ||
| LOK | |0 000 xxxxxcx a22 zn 4500 | ||
| LOK | |0 001 2724292901 | ||
| LOK | |0 003 DE-627 | ||
| LOK | |0 004 129555509 | ||
| LOK | |0 005 20120928113037 | ||
| LOK | |0 008 120928||||||||||||||||ger||||||| | ||
| LOK | |0 040 |a DE-21-123 |c DE-627 |d DE-21-123 | ||
| LOK | |0 852 |a DE-21-123 | ||
| LOK | |0 852 1 |m p |9 00 | ||
| LOK | |0 938 |k p | ||
| LOK | |0 939 |a 2012-09-28 |b l01 | ||
| LOK | |0 000 xxxxxcx a22 zn 4500 | ||
| LOK | |0 001 3057357350 | ||
| LOK | |0 003 DE-627 | ||
| LOK | |0 004 129555509 | ||
| LOK | |0 005 20190305143708 | ||
| LOK | |0 008 190305||||||||||||||||ger||||||| | ||
| LOK | |0 040 |a DE-Frei85 |c DE-627 |d DE-Frei85 | ||
| LOK | |0 852 |a DE-Frei85 | ||
| LOK | |0 852 1 |m p |9 00 | ||
| LOK | |0 938 |k p | ||
| LOK | |0 939 |a 2019-03-05 |b l01 | ||
| ORI | |a WA-MARC-krimdokb001.raw | ||
| SPR | |a 1 |t KRI | ||
